Stoiker - Statistiken

Allgemein
  • Dieses Quiz wurde 12 mal gespielt
  • Das Durchschnittsergebnis liegt bei 4 aus 13
Antwortstatistiken
Periode Antwort % Korrekt
jüngere Stoa Mark Aurel
100%
jüngere Stoa Lucius Annaeus Seneca
60%
ältere Stoa Chrysippus von Soloi
40%
ältere Stoa Diogenes von Babylon
40%
ältere Stoa Kleanthes von Assos
40%
ältere Stoa Zenon von Kition
40%
ältere Stoa Zenon von Tarsos
40%
jüngere Stoa Epiktetos
20%
jüngere Stoa Gaius Musonius Rufus
20%
mittlere Stoa Panaitos von Rhodos
20%
ältere Stoa Antipatros von Tarsos
0%
ältere Stoa Ariston von Chios
0%
mittlere Stoa Poseidonios von Apameia
0%
Keine übereinstimmenden Quizze gefunden
Verteilung der Resultate
Anzahl Personen mit jedem Resultat
Perzentil nach korrekt beantworteten Fragen
Ihre Resultats-Entwicklung
Sie haben dieses Quiz noch nicht gespielt